00201nam a22000857a 4500008004100000082001600041100002200057245002700079300000900106230608b xxu||||| |||| 00| 0 eng d a528.16bDAL cDale and Greenway aKenya Trees and Shrubs a654p